000 00534nam a2200205Ia 4500
005 20230130133048.0
008 131103s9999 xx 000 0 und d
040 _aLoreto College
041 _aEnglish
082 _a839
_bSTU
100 _aSturiason,Snorre
245 4 _aThe olaf sagas
_cSnorre Sturlason;translated by Samuel Laing
260 _aLondon
_bJ.M.Dent
_c[19 -]
300 _axxx,420 p.
440 _aEveryman's Library
504 _aIncludes index
700 _aLaing,Samuel,tr.
850 _aLCLIB
942 _cBK
999 _c5415
_d55894